[Event "Barcelona Catalunya op 26th"]
[Site "Barcelona"]
[Date "2014.10.11"]
[Round "3"]
[White "Bernat Mor, Juli"]
[Black "Fernandez Garcia, Jesus"]
[Result "0-1"]
[WhiteElo "1700"]
[BlackElo "1867"]
[PlyCount "60"]
[EventDate "2014.09.27"]
[EventType "swiss"]
[EventRounds "9"]
[EventCountry "ESP"]
[SourceTitle "EXT 2017"]
[Source "ChessBase"]
[SourceDate "2016.10.25"]
[SourceVersion "1"]
[SourceVersionDate "2016.10.25"]
[SourceQuality "1"]

1. e4 e5 2. Nf3 Nc6 3. d4 exd4 4. Nxd4 Bc5 5. Be3 Qf6 6. c3 Nxd4 7. Bxd4 Bxd4 8. Qxd4 d6 9. Nd2 Bd7 10. Be2 c5 11. Qd5 Bc6 12. Bb5 Ne7 13. Bxc6+ bxc6 14. Qh5 d5 15. 0-0 0-0 16. e5 Qf4 17. Nf3 Rab8 18. Rab1 Ng6 19. g3 Qh6 20. Qf5 Rfe8 21. h4 Rb7 22. Kg2 Ne7 23. Qc2 Qh5 24. Rfe1 Qg4 25. Nh2 Qe6 26. Nf3 Ng6 27. Ng5 Qg4 28. Kf1 h6 29. Nxf7 Rxf7 30. Re2 Qxg3 0-1

[Event "Barcelona Catalunya op 26th"]
[Site "Barcelona"]
[Date "2014.09.27"]
[Round "1"]
[White "Porras Mateo, Felipe"]
[Black "Fernandez Garcia, Jesus"]
[Result "1-0"]
[WhiteElo "2398"]
[BlackElo "1867"]
[PlyCount "59"]
[EventDate "2014.09.27"]
[EventType "swiss"]
[EventRounds "9"]
[EventCountry "ESP"]
[SourceTitle "EXT 2017"]
[Source "ChessBase"]
[SourceDate "2016.10.25"]
[SourceVersion "1"]
[SourceVersionDate "2016.10.25"]
[SourceQuality "1"]

1. c4 e5 2. Nc3 Nf6 3. Nf3 Nc6 4. g3 Bc5 5. Bg2 d6 6. d3 h6 7. 0-0 Ne7 8. Na4 Bb6 9. Nxb6 axb6 10. d4 exd4 11. Nxd4 0-0 12. b3 c6 13. Bb2 Ra5 14. Qd2 Rh5 15. Rfd1 Bh3 16. Bh1 Re8 17. e4 Ng6 18. f3 Bc8 19. Nc2 Re6 20. Ne3 Ne7 21. e5 Ne8 22. f4 f5 23. Bf3 Rh3 24. Qg2 b5 25. Qxh3 Qb6 26. Bd4 c5 27. Bb2 bxc4 28. Nxc4 Qa7 29. Qh5 Rg6 30. exd6 1-0

[Event "Barcelona Ideal Clave op 13th"]
[Site "Barcelona"]
[Date "2007.10.20"]
[Round "3.8"]
[White "Fernandez Garcia, Jesus"]
[Black "Werner Serrat, Jordi"]
[Result "1-0"]
[WhiteElo "1822"]
[BlackElo "1964"]
[PlyCount "91"]
[EventDate "2007.09.29"]
[EventType "swiss"]
[EventRounds "8"]
[EventCountry "ESP"]
[SourceTitle "EXT 2024"]
[Source "ChessBase"]
[SourceDate "2023.10.10"]
[SourceVersion "1"]
[SourceVersionDate "2023.10.10"]
[SourceQuality "1"]

1. c4 Nf6 2. Nc3 g6 3. e4 d6 4. d4 Bg7 5. Nf3 0-0 6. Be2 e5 7. Bg5 h6 8. Bh4 Nbd7 9. Qd2 c6 10. Rd1 Qc7 11. 0-0 Re8 12. dxe5 dxe5 13. b4 a5 14. a3 b6 15. Qd6 Qxd6 16. Rxd6 axb4 17. axb4 g5 18. Bg3 Bf8 19. Rxc6 Bxb4 20. Nd5 Nxd5 21. cxd5 Kg7 22. h3 Bc5 23. Nh2 Nb8 24. Bxe5+ Rxe5 25. Rxc8 Rxe4 26. Bf3 Rc4 27. Kh1 Rc2 28. d6 Raa2 29. Rxb8 Bxd6 30. Rxb6 Bxh2 31. Kxh2 Rxf2 32. Rxf2 Rxf2 33. Kg3 Rf1 34. Kg4 Ra1 35. Kh5 Ra5 36. Bg4 f5 37. Rg6+ Kf7 38. Be2 g4 39. Bc4+ Kf8 40. Kxh6 gxh3 41. gxh3 Ra4 42. Rc6 Ke7 43. Kg5 f4 44. Re6+ Kd7 45. Re4 Ra3 46. Kxf4 1-0